00508nam a2200193 a 4500001001300000003000900013005001700022008004100039020001000080082001300090100002800103245003000131260002500161300000800186500003500194505003500229650002200264700002800286nice12345678IN_TiNIC20260116011630.0050524s1971 lona grp 000 0 eng  ac10000a226bLIN aLinfstd, Barnabas S S F aBehind the Fourth Gospel. aLondon bSPCK c1971 a84p aincludes index and biblioraphy2 aStudies in creative criticism. aBible N.T. Gospel1 aLinfstd, Barnabas S S F